00490 2200181 4500001002100000005001700021008004100038035002400079082000800103090001500111100002100126245005000147260004300197300002700240650001800267852001200285990001100297YOGYA-0612000000058920120607231942.0 ind  0010-061200000000587 a823 a823bSte M aSTEVENSON, R. L. aThe master of ballantralcBy R. L. Stevenson. aLondonbCollins Clear-Type Pressc1889 axiii, 312 hlm.c16 cm. aFiksi Inggris aYOPDYOG a8582-A